Normal view
MARC view
- Ou, Yongsheng Xu, Yangsheng Yongsheng Ou Yangsheng Xu
Entry Personal Name
001 - CONTROL NUMBER
- control field: 62184
003 - CONTROL NUMBER IDENTIFIER
- control field: NUST
005 - DATE AND TIME OF LATEST TRANSACTION
- control field: 20210628202906.0
008 - FIXED-LENGTH DATA ELEMENTS
- fixed length control field: 210628|| aca||aabn | a|a d
040 ## - CATALOGING SOURCE
- Original cataloging agency: NUST
- Transcribing agency: NUST
100 ## - HEADING--PERSONAL NAME
- Personal name: Ou, Yongsheng Xu, Yangsheng Yongsheng Ou Yangsheng Xu
670 ## - SOURCE DATA FOUND
- Source citation: Work cat.: (NUST): Ou, Yongsheng Xu, Yangsheng Yongsheng Ou Yangsheng Xu, Control of single wheel robots, 2005
